| 000 | 01118cab a2200217 4500 | ||
|---|---|---|---|
| 001 | ABS68874 | ||
| 008 | 050315n 000 0 eng u | ||
| 035 | _a(Sirsi) u129059 | ||
| 100 | _aLupton, M. | ||
| 245 | _aSave the forests | ||
| 490 |
_aRegeneration and Renewal _v4 March 2005, 20-21(2) |
||
| 520 | _aConsiders the future of Britain's 12 community forests over the next two years as central government funding ceases and they have to make a switch to regional and local revenue sources. Local authorities are likely to continue making significant financial contributions and government will carry on playing an albeit more indirect role. Each of the forests has prepared a succession planning framework setting out their future strategies, some seeking to establish trusts or development companies that will allow forests to earn money. Provides a brief history of the community forests. | ||
| 590 | _aABS | ||
| 650 | _aMANCHESTER | ||
| 650 | _aURBAN FRINGE | ||
| 650 | _aCOMMUNITY FORESTS | ||
| 650 | _aREGENERATION | ||
| 650 | _aWOODLAND | ||
| 690 | _aENVIRONMENTAL AND LAND CONSULTANCY | ||
| 942 | _n0 | ||
| 999 |
_c74922 _d74922 |
||